000 00424nam a2200181Ia 4500
001 16982
005 20260306170351.0
008 260306t2008||||xx |||||||||||||| ||und||
041 _aESP
082 _a657.42
_bB64 2008
100 _aBlocher, Edward J.
_eAUT
245 0 _aAdministración de costos
260 _c2008
300 _a728 páginas :
_ccm.
650 _aGEN
654 _aCCO
942 _cLIB
_dJUS
_fJUS
_2ddc
_n
999 _c16982
_d16982